Science Quiz

Random Science or Elements Quiz
Score 0/7 Timer 04:00
0 Plays Today
% Correct
Boron
79.4%
Neon
79.3%
Argon
74%
Krypton
63.1%
Tungsten
42.8%
Phosphorus
40.5%
Oganesson
35.1%

You're not logged in!

Compare scores with friends on all Sporcle quizzes.
OR
Log In

Sporcle TV

Today on Sporcle TV


Watch our educational content, quiz creation guides, and fun videos on Sporcle TV.

Show Comments

Extras

Top Quizzes Today


Score Distribution

Paid Content

Your Account Isn't Verified!

In order to create a playlist on Sporcle, you need to verify the email address you used during registration. Go to your Sporcle Settings to finish the process.

Report this User

Report this user for behavior that violates our Community Guidelines.

Details: